000 00353nam a2200145Ia 4500
008 090124s9999 xx 000 0 und d
082 _b34326
245 _a छायानट
250 _a1
260 _bअंतरकर आनंद
_c2007
300 _a190
630 _a छायानट
730 _a छायानट
942 _cBOOK
999 _c198273
_d198273